Guess the Conan Gray song with no hints ~4 - Statistics

General Stats
  • This quiz has been taken 295 times
  • The average score is 266 of 382
Answer Stats
Answer % Correct
I
98%
a
96%
You
94%
you
94%
the
90%
and
87%
me
87%
We
87%
when
86%
your
86%
Do
82%
do
82%
I'm
79%
So
79%
so
79%
like
78%
be
77%
in
77%
my
77%
that
77%
That
77%
what
77%
were
75%
all
74%
with
74%
it
73%
Then
73%
to
73%
of
72%
want
72%
can't
71%
just
71%
at
70%
friends
70%
tell
70%
Tell
70%
they
70%
why
70%
you're
70%
know
69%
But
68%
but
68%
Maniac
68%
maniac
68%
(Maniac
68%
for
67%
have
67%
hate
66%
always
65%
back
65%
mad
65%
Cause
64%
crazy
64%
don't
64%
drive
64%
partying
64%
people
64%
Said
64%
said
64%
stalker
64%
them
64%
watcher
64%
alcohol
63%
think
63%
up
63%
should
62%
such
62%
alone
61%
kicked
61%
show
61%
call
60%
trash
60%
home
59%
joke
59%
dated
58%
Now
58%
rose
58%
shovel
58%
wanted
58%
too
57%
car
56%
laughs
56%
past
56%
dead
55%
some
55%
'em
54%
turn
54%
had
53%
need
53%
place
52%
rat
52%
pack
51%
away
50%
crying
50%
say)
50%
get
50%
I've
50%
off
50%
say)
50%
stay
50%
went
50%
dark
49%
face
49%
made
49%
right
49%
beg
48%
far
48%
help
48%
heart
47%
magic
47%
tears
47%
tragic
47%
Wipe
47%
dramatic
46%
yourself
46%
breaking
45%
called
45%
Listen
45%
While
43%
Well
42%
honestly
41%
manic
41%
Wrecked
38%
may
33%
psycopath
30%
Psycopathic
19%
someone
8%
No matching quizzes found
Score Distribution
Percent of People with Each Score
Percentile by Number Answered
Your Score History
You have not taken this quiz